000 00357nam a22001577a 4500
005 20160628144442.0
008 160628b xxu||||| |||| 00| 0 eng d
041 _aeng
082 _b11385
100 _aKochher, C.L.
_93080
245 _aSurveying I
260 _bS.K. Kataria & Sons
300 _a276
650 _aDiploma Engineering
_9817
942 _cBK
999 _c4473
_d4472